| 000 | 01056cam a2200361 i 4500 | ||
|---|---|---|---|
| 001 | 0000519 | ||
| 003 | DO-SdBNP | ||
| 005 | 20171120094310.0 | ||
| 007 | 0000519 | ||
| 008 | 100514s2008 mx | g||| 000 f fpspa | ||
| 015 | _a | ||
| 017 |
_a _b |
||
| 020 | _a8420469009 | ||
| 035 | _a | ||
| 040 |
_aBPMSU _bspa _cBPMSU _e |
||
| 080 | _a | ||
| 082 |
_aU863.44 _2B462p, 2008 |
||
| 100 | 1 |
_aBenedetti, Mario, _d1920-2009 |
|
| 245 | 1 | 0 |
_aPuentes como liebres y otros cuentos / _h _cMario Benedetti ; prólogo Gonzalo Garcés ; estudio Cristian Mitelman |
| 250 | _a4a ed. | ||
| 260 |
_aMadrid : _bSantillana ediciones generales, _bAlfaguara, _c2008 |
||
| 300 |
_a117 p.: _c20 cm |
||
| 490 | 1 | _aRoja Alfagrara | |
| 586 | _aPremio Nobel de Literatura 2010. | ||
| 650 | 4 | _aPOESÍA URUGUAYA | |
| 650 | 4 | _aLITERATURA URUGUAYA | |
| 700 | 1 | 2 |
_aGarcés, Gonzalo _epról. |
| 700 | 1 | 2 |
_aMitelman, Cristian, _eestudio |
| 830 | 0 | _aRoja Alfagrara | |
| 942 |
_2ddc _cBK |
||
| 945 | _aInventariado extranjero / 2017 VM | ||
| 956 |
_aYLOCKWARD _810 _cBPMSU |
||
| 999 |
_c10811 _d10811 |
||